Vista normal Vista MARC

Entrada Nombre personal

Número de registros utilizados en: 2

001 - NÚMERO DE CONTROL

  • Campo de control: 38321

003 - IDENTIFICADOR DE NÚMERO DE CONTROL

  • Campo de control: OSt

005 - FECHA Y HORA DE LA ULTIMA MODIFICACION

  • Campo de control: 20160203110915.0

008 - ELEMENTOS DE DATOS DE LONGITUD FIJA

  • Campo de longitud fija: 160203|| aca||aabn | a|a d

040 ## - FUENTE DE LA CATALOGACIÓN

  • Agencia original de catalogación: OSt

100 ## - ENCABEZAMIENTO--NOMBRE DE PERSONA

  • Nombre personal: Herrera Acosta, José Luis

400 1# - TRAZADO VEÁSE--NOMBRE DE PERSONA

  • Nombre personal: Herrera, Luis

400 1# - TRAZADO VEÁSE--NOMBRE DE PERSONA

  • Nombre personal: Acosta, José

670 ## - FUENTE DE DATOS ENCONTRADOS

  • Fuente de citación: Pasantía, Constructora Díaz - Sánchez S.A. de C.V.

670 ## - FUENTE DE DATOS ENCONTRADOS

  • Fuente de citación: BMC -03-02-2016